| 000 | 01620cab a2200241 4500 | ||
|---|---|---|---|
| 001 | ##L131662 | ||
| 008 | 051128n2005 000 0 eng u | ||
| 035 | _a(Sirsi) u131662 | ||
| 041 | 0 | _aeng | |
| 100 | 1 | _aEyles, Keith | |
| 245 | 0 | 0 | _aContracts and the rights of third parties: business concerns |
| 260 | 3 | _c2005 | |
| 490 | 0 |
_aAdvising Business: Law and Practice _v4(8) 2005, 11-15 (5) |
|
| 520 | _aHighlights the key issues raised by the implementation of the Contracts (Rights of Third Parties) Act 1999, legislation that is capable of affecting most areas of contract law, and discusses the case law in this context. Although the Act came into effect in 2000 its impact may become increasingly relevant to business representatives and their advisors. Provides the background to the Act and outlines the main provisions and their practical effects. Looks at variation of a contract and some commercial issues. Examines the main judgments considering the Act and reviews points arising from the case law in respect of indemnities and benefits. Concludes that business representatives particularly in the small business sector should ensure that their contracts are not affected by the Act in any way detrimental to their business. | ||
| 590 | _aIKA061205 | ||
| 650 | 2 | 4 | _aCONTRACTS (RIGHTS OF THIRD PARTIES) ACT 1999 |
| 650 | 2 | 4 | _aPRENN V SIMMONDS |
| 650 | 2 | 4 | _aNISSHIN SHIPPING CO LTD V CLEAVES AND CO LTD |
| 650 | 2 | 4 | _aLES AFFRETEURS REUNIS V LEOPOLD WALFORD |
| 650 | 2 | 4 | _aLAEMTHONG INTERNATIONAL LINES CO LTD V ABDULLAH |
| 690 | _aMANAGEMENT-BUSINESS MANAGEMENT-PROFESSIONAL PRACTICE | ||
| 942 | _n0 | ||
| 999 |
_c76230 _d76230 |
||